All 52 Mersenne Primes - Statistics

General Stats
  • This quiz has been taken 56 times
    42 since last reset
  • The average score is 19 of 52
Answer Stats
Hint Answer % Correct
(2^_-1)2^_-1 2
100%
(2^_-1)2^_-1 5
100%
(2^_-1)2^_-1 13
75%
(2^_-1)2^_-1 17
75%
(2^_-1)2^_-1 19
75%
(2^_-1)2^_-1 3
75%
(2^_-1)2^_-1 31
75%
(2^_-1)2^_-1 7
75%
(2^_-1)2^_-1 107
50%
(2^_-1)2^_-1 110503
50%
(2^_-1)2^_-1 11213
50%
(2^_-1)2^_-1 127
50%
(2^_-1)2^_-1 1279
50%
(2^_-1)2^_-1 19937
50%
(2^_-1)2^_-1 21701
50%
(2^_-1)2^_-1 2203
50%
(2^_-1)2^_-1 2281
50%
(2^_-1)2^_-1 23209
50%
(2^_-1)2^_-1 3217
50%
(2^_-1)2^_-1 4253
50%
(2^_-1)2^_-1 4423
50%
(2^_-1)2^_-1 44497
50%
(2^_-1)2^_-1 521
50%
(2^_-1)2^_-1 607
50%
(2^_-1)2^_-1 61
50%
(2^_-1)2^_-1 86243
50%
(2^_-1)2^_-1 89
50%
(2^_-1)2^_-1 9689
50%
(2^_-1)2^_-1 9941
50%
(2^_-1)2^_-1 132049
25%
(2^_-1)2^_-1 136279841
25%
(2^_-1)2^_-1 216091
25%
(2^_-1)2^_-1 756839
25%
(2^_-1)2^_-1 82589933
25%
(2^_-1)2^_-1 859433
25%
(2^_-1)2^_-1 1257787
0%
(2^_-1)2^_-1 13466917
0%
(2^_-1)2^_-1 1398269
0%
(2^_-1)2^_-1 20996011
0%
(2^_-1)2^_-1 24036583
0%
(2^_-1)2^_-1 25964951
0%
(2^_-1)2^_-1 2976221
0%
(2^_-1)2^_-1 3021377
0%
(2^_-1)2^_-1 30402457
0%
(2^_-1)2^_-1 32582657
0%
(2^_-1)2^_-1 37156667
0%
(2^_-1)2^_-1 42643801
0%
(2^_-1)2^_-1 43112609
0%
(2^_-1)2^_-1 57885161
0%
(2^_-1)2^_-1 6972593
0%
(2^_-1)2^_-1 74207281
0%
(2^_-1)2^_-1 77232917
0%
No matching quizzes found
Score Distribution
Percent of People with Each Score
Percentile by Number Answered
Your Score History
You have not taken this quiz since the last reset